00377pab a2200121 454500008004000000100002800040245008500068260000900153300001400162362000800176650003000184773004100214180718b2010 xxu||||| |||| 00| 0 eng d aBernauer, Thomas et al. aA comparison of international and domestic sources of global governance dynamics c2010 ap.509-38. aJul aInternational cooperation aBritish Journal of Political Science